01152 2200361 4500001002100000005001500021035002000036007000300056008004100059040002200100082001500122084001500137090001800152245008900170300002200259500003300281650003100314850001200345041001300357710004200370710003800412264007900450336002100529337003000550338002300580546006700603990002000670990002000690990002000710990002000730990002000750990002000770INLIS00000000086366520210812113403 a0010-0821000364ta210812n jki ff 0 ind d aYOPDYOGbinderda04223a222.12 a222.12 KEL aBR 222.12 KEL00aKeluaran /cpenulis, Lutheran Braille Workers; penerjemah, Lembaga Alkitab Indonesia a...jilid ;c30 cm aYang diterima: jilid 1 dan 2 aAlkitab--xPerjanjian lama aYOPDYOG1 aindheng2 aLembaga Alkitab Indonesiaepenerjemah2 aLutheran Braille Workersepenulis31aJakarta :bLembaga Alkitab Indonesia,cTahun terbit tidak terindentifikasi 2rdacontentateks 2rdamediaatanpa perantara 2rdacarrieravolume aTeks dalam Bahasa Indonesia, diterjemahkan dari Bahasa Inggris a67488-PD/A.2021 a67489-PD/A.2021 a67489-PD/A.2021 a67488-PD/A.2021 a67488-PD/A.2021 a67489-PD/A.2021